Stray radiation in optical systems : 10-13 July 1990, San Diego, California /

Bibliographic Details
Corporate Authors: Society of Photo-optical Instrumentation Engineers, International Symposium on Optical & Optoelectronic Applied Science & Engineering
Other Authors: Breault, Robert P.
Format: Conference Proceeding Book
Language:English
Published: Bellingham, Wash., USA : SPIE, [1990]
Series:Proceedings of SPIE--the International Society for Optical Engineering ; v. 1331.
Subjects:
Online Access:https://www.spiedigitallibrary.org/conference-proceedings-of-SPIE/1331.toc

MARC

Tag First Indicator Second Indicator Subfields
LEADER 00000cam a2200000 a 4500
001 in00001023402
005 20230421151555.1
008 910220s1990 waua b 101 eng d
010 |a  90052825  
020 |a 081940392X (pbk.) 
035 |a (OCoLC)23125572 
035 |9 AFF8604AM 
040 |a AZU  |c AZU  |d UtOrBLW 
049 |a TXAM 
090 |a TS514  |b .S76 1990 
245 0 0 |a Stray radiation in optical systems :  |b 10-13 July 1990, San Diego, California /  |c Robert P. Breault, chair/editor ; sponsored by SPIE--the International Society for Optical Engineering. 
264 1 |a Bellingham, Wash., USA :  |b SPIE,  |c [1990] 
264 4 |c ©1990 
300 |a x, 307 pages :  |b illustrations ;  |c 28 cm. 
336 |a text  |b txt  |2 rdacontent 
337 |a unmediated  |b n  |2 rdamedia 
338 |a volume  |b nc  |2 rdacarrier 
490 1 |a Proceedings / SPIE--the international society for optical engineering ;  |v v. 1331 
500 |a "Part of a six-conference program on optical design and fabrication held at the SPIE's International Symposium on Optical and Optoelectronic Applied Science and Engineering, 8-13 July, 1990, San Diego, California."--P. vii. 
504 |a Includes bibliographical references and index. 
650 0 |a Optical instruments  |x Design and construction  |v Congresses. 
650 0 |a Light  |x Scattering  |v Congresses. 
700 1 |a Breault, Robert P. 
710 2 |a Society of Photo-optical Instrumentation Engineers. 
711 2 |a International Symposium on Optical & Optoelectronic Applied Science & Engineering  |d (1990 :  |c San Diego, Calif.) 
830 0 |a Proceedings of SPIE--the International Society for Optical Engineering ;  |v v. 1331. 
856 4 1 |u https://www.spiedigitallibrary.org/conference-proceedings-of-SPIE/1331.toc  |t 0 
999 |a MARS 
999 f f |s 3aa46cde-2529-3aa4-8791-231edf21e00a  |i ca2c5348-477f-374d-8bfc-ec732a9c433a  |t 0 
952 f f |p ric  |a Texas A&M University  |b Rellis Campus  |c Joint Library Facility  |d Remote Storage  |t 0  |e TS514 .S76 1990  |h Library of Congress classification  |i unmediated -- volume  |m A14815250251 
998 f f |a TS514 .S76 1990  |t 0  |l Remote Storage